| Tag |
First Indicator |
Second Indicator |
Subfields |
| LEADER |
00000cam a2200000M 4500 |
| 001 |
in00002061021 |
| 005 |
20151101185905.0 |
| 008 |
050424s2002 ie ac b 001 0beng d |
| 010 |
|
|
|a 2002491524
|
| 015 |
|
|
|a GBA2-40603
|
| 019 |
|
|
|a 50017512
|
| 020 |
|
|
|a 0953429326
|
| 029 |
1 |
|
|a UKM
|b bA240603
|
| 035 |
|
|
|a (OCoLC)ocm59501456
|
| 040 |
|
|
|a UKV3G
|c UKV3G
|d UKM
|d DLC
|d CUS
|d TXA
|d UtOrBLW
|
| 043 |
|
|
|a e-ie---
|
| 049 |
|
|
|a TXAM
|
| 050 |
0 |
0 |
|a HQ1600.3.Z75
|b L855 2002
|
| 100 |
1 |
|
|a Mulholland, Marie.
|
| 245 |
1 |
4 |
|a The politics and relationships of Kathleen Lynn /
|c Marie Mulholland.
|
| 264 |
|
1 |
|a Dublin :
|b Woodfield Press,
|c 2002.
|
| 300 |
|
|
|a [x], 86 pages :
|b illustrations, portraits ;
|c 22 cm.
|
| 336 |
|
|
|a text
|b txt
|2 rdacontent
|
| 337 |
|
|
|a unmediated
|b n
|2 rdamedia
|
| 338 |
|
|
|a volume
|b nc
|2 rdacarrier
|
| 490 |
1 |
|
|a Activist to activist
|
| 504 |
|
|
|a Includes bibliographical references and index.
|
| 600 |
1 |
0 |
|a Lynn, Kathleen.
|
| 650 |
|
0 |
|a Feminism
|z Ireland
|x History
|y 20th century.
|
| 650 |
|
0 |
|a Revolutionaries
|z Ireland
|v Biography.
|
| 651 |
|
0 |
|a Ireland
|x History
|y Easter Rising, 1916.
|
| 600 |
1 |
4 |
|a Lynn, Kathleen.
|
| 651 |
|
4 |
|a Ireland
|x History
|y Easter Rising, 1916.
|
| 830 |
|
0 |
|a Activist to activist.
|
| 948 |
|
|
|a cataloged
|b h
|c 2005/6/30
|d c
|e rdavis
|f 2:09:58 pm
|
| 994 |
|
|
|a C0
|b TXA
|
| 999 |
|
|
|a MARS
|
| 999 |
f |
f |
|s 6dfefce9-4db9-3cc4-8c51-2fa7f78cb415
|i b0cfd8e2-ae78-3c8b-93ae-017ee28114bc
|t 0
|
| 952 |
f |
f |
|p ric
|a Texas A&M University
|b Rellis Campus
|c Joint Library Facility
|d Remote Storage
|t 0
|e HQ1600.3.Z75 L855 2002
|h Library of Congress classification
|i unmediated -- volume
|m A14833135954
|
| 998 |
f |
f |
|a HQ1600.3.Z75 L855 2002
|t 0
|l Remote Storage
|